Maravillas y tesoros del patrimonio de la humanidad: España, I

Gespeichert in:
Bibliographische Detailangaben
Körperschaft: Grupo Zeta (VerfasserIn)
Format: Buch
Sprache:Spanisch
Veröffentlicht: Santiago Tiempo 2003
Schriftenreihe:Nuestro Mundo
Schlagworte:
Tags: Tag hinzufügen
Keine Tags, Fügen Sie den ersten Tag hinzu!

MARC

LEADER 00000nam a2200000 a 4500
001 UCK5073
003 CL-VaPUC
008 050708e20030000cl |||||||||||||||||spa|d
082 0 4 |a 911  |b GRU  |2 21 
110 2 |a Grupo Zeta  |e author  |9 493776 
245 1 0 |a Maravillas y tesoros del patrimonio de la humanidad: España, I 
300 |a 48 p 
942 |c BK 
945 |d 20050708 00:00:00  |a cmena 
260 |a Santiago  |b Tiempo  |c 2003 
500 |a Contiene fotos y mapas 
650 7 |a PATRIMONIO DE LA HUMANIDAD  |2 CL-VaPUC  |9 493777 
650 0 |a Cultura  |9 269059 
651 0 |a España  |9 254926 
583 |a last modification  |c 20171218 06:13:50  |k Rodrigo Vera 
490 0 |a Nuestro Mundo 
999 |c 313760  |d 313758 
952 |0 0  |1 0  |4 0  |6 911_000000000000000_GRU_2003  |7 0  |8 P  |9 385258  |a BIBARQ  |b BIBARQ  |d 2019-11-22  |i 4127315  |o 911 GRU 2003  |p 4127315  |r 2025-01-20  |w 2019-11-22  |y BK  |k ARQ